| 000 | 00000nam##2200000za#4500 |
| 001 | 9.637973 |
| 003 | CaOODSP |
| 005 | 20210624221448 |
| 007 | cr ||||||||||| |
| 008 | 150407|2009||||xxc|||||o f|0| 0 fre|d |
| 020 | |a978-1-100-95561-2 |
| 040 | |aCaOODSP|bfre |
| 043 | |an-cn--- |
| 086 | 1 |aV32-219/1-2009F-PDF |
| 110 | 1 |aCanada. |bAnciens combattants Canada. |
| 245 | 10|aAnalyse documentaire portant sur la gestion de cas : |h[ressource électronique]|bfondement pour poursuivre la recherche - sommaire / |c[par] Thompson J.M., MacLean MB et Pedlar D. |
| 260 | |aCharlottetown - Ile du Prince-Édouard : |bAnciens Combattants Canada |c12 février 2009. |
| 300 | |a4p. |
| 590 | |a12-25-Supp|b2012-06-04 |
| 691 | 07|aAncien combattant|2gcpds |
| 691 | 07|aRecherche|2gcpds |
| 720 | 1 |aThompson, J. M. |
| 720 | 1 |aMacLean, M.B. |
| 720 | 1 |aPedlar, D. |
| 775 | 08|tLiterature review of Case Management : |w(CaOODSP)9.693783 |
| 856 | 40|ahttp://publications.gc.ca|qPDF|s95 Ko|uhttps://publications.gc.ca/collections/collection_2011/acc-vac/V32-219-1-2009-fra.pdf |